000
00322 a2200133 4500
000
nam a22 7a 4500
100
_a
Carey, Francis A.
110
_a
Carey, Francis A.
245
_a
Organic Chemistry
250
_a
12th/Latest edition
260
_b
McGraw Hill
_c
2024
264
_b
McGraw Hill
_c
2024
942
_c
BK
999
_c
397132
_d
397132